| 000 | 00433cam a2200157ua 4500 | ||
|---|---|---|---|
| 020 | _a0-19-564394-1 | ||
| 041 |
_aeng _h |
||
| 082 |
_a630 _bSAT/IN |
||
| 100 | _aSathyamurthy, T.V . | ||
| 245 | 0 | 0 |
_aIndustry and agriculture in India since independance, Vol.2 / _cT.V Satyamurthy. _hTextual Documents |
| 260 |
_aDelhi : _bOxford University Press , _c1998. |
||
| 300 | _a353 ; . | ||
| 504 | _a | ||
| 942 | _cBK | ||
| 999 |
_c7722 _d7722 |
||